Report. (Record no. 79945)

MARC details
000 -LEADER
fixed length control field 00774nam a22002411 4500
001 - CONTROL NUMBER
control field sa 68004068
003 - CONTROL NUMBER IDENTIFIER
control field DLC
005 - DATE AND TIME OF LATEST TRANSACTION
control field 20260227112458.0
008 - FIXED-LENGTH DATA ELEMENTS--GENERAL INFORMATION
fixed length control field 711108s1966 ii s 00000 eng
010 ## - LIBRARY OF CONGRESS CONTROL NUMBER
LC control number sa 68004068
025 ## - OVERSEAS ACQUISITION NUMBER
Overseas acquisition number PL480:I-E-9579
043 ## - GEOGRAPHIC AREA CODE
Geographic area code a-ii---
050 0# - LIBRARY OF CONGRESS CALL NUMBER
Classification number HD2071
Item number .A589
082 ## - DEWEY DECIMAL CLASSIFICATION NUMBER
Classification number 338.1/0954
110 10 - MAIN ENTRY--CORPORATE NAME
Corporate name or jurisdiction name as entry element India (Republic).
Subordinate unit Working Group for the Formulation of the Fourth Five Year Plan Proposals on Agricultural Statistics.
245 00 - TITLE STATEMENT
Title Report.
260 0# - PUBLICATION, DISTRIBUTION, ETC.
Place of publication, distribution, etc. [New Delhi]
Name of publisher, distributor, etc. Ministry of Food and Agriculture, Dept. of Agriculture, Govt. of India
Date of publication, distribution, etc. [1966]
300 ## - PHYSICAL DESCRIPTION
Extent iv, 163 p.
Dimensions 24 cm.
350 ## - PRICE (NR) (BK AM CF MU VM SE) [OBSOLETE]
Price Rs3.70
-- $1.34
500 ## - GENERAL NOTE
General note Cover title.
650 #0 - SUBJECT ADDED ENTRY--TOPICAL TERM
Topical term or geographic name entry element Agriculture
Geographic subdivision India
General subdivision Statistics.
651 #0 - SUBJECT ADDED ENTRY--GEOGRAPHIC NAME
Geographic name India
General subdivision Statistical services.

No items available.

Powered by Koha